00765na a2200241 450000100060000000300080000600500170001400800410003102000180007203500100009004000250010008200230012510000260014824501000017426000480027430000190032249000190034149000340036065000520039465000290044665000310047570000170050614345MIRAKIL20181213154732.0160901b tu 000 0  a9789944756969 a14345 aMilasbturcTR-AnCHP a330.122bI74n 2011 aIşıklı, Alparslan aNeoliberalizm ve 3. Dünya SavaşıbincelemecAlparslan Işıklı ; editör : Salih Yavuz  aİstanbulbKırmızı Kedi Yayınevic2011 a279 s.c18 sm. aİncelemev20 aKırmızı Kedi Yayıneviv97 aKüreselleşme xEkonomik yönlerzTürkiye aNeoliberalizmxTürkiye aSerbest ekonomixTürkiye aYavuz, Salih